LEADER 01065nam a2200241 i 4500 001 000000178441 003 CaOOAMICUS 005 20250527155545.0 008 090321s1966 it u000 u fre u 040 $aSeMil$bita 100 1 $aBrekilien, Yann.$0(OLS)http://semarc/name/66320 245 13$aLa vie quotidienne des paysans en Bretagne au 19. siècle /$cYann Brekilien. 264 1$a[France] :$bHachette,$c1966. 300 $a362 p. ;$c20 cm. 490 1 $aLa vie quotidienne 650 4$aBretagna - Contado - Sec. 19.$0(OLS)http://semarc/subject/57654 650 4$aContadini - Condizioni economiche e sociali - Bretagna - Sec. 19.$0(OLS)http://semarc/subject/57655 830 3$aLa vie quotidienne.$0(OLS)http://semarc/title/27663 850 $aSeMil 852 $aSeMil$W1$xVenegono$y1$m3U I 687$j257573$B129218$CSeMilBibl$Z2$F140402 $81 996 $6245$aLa vie quotidienne des paysans en Bretagne au 19. siècle$9(OLS)http://semarc/title/256287 996 $6264$a[France] :$bHachette$9(OLS)http://semarc/publisher/32523 LEADER 01623nam a2200301 i 4500 001 000000090000 003 CaOOAMICUS 005 20030802000000.0 008 030802s1977 fr u000 u mul u 013 $a62242 020 $a2-204-01192-4 040 $aSeMil$bita 100 1 $aPetrus : Cellensis .$0(OLS)http://semarc/name/40534 245 12$aL'école du cloître /$cPierre de Celle ; introduction, texte critique, traduction et notes par Gérard de Martel. 260 $aParis :$bLes Éditions du Cerf,$c1977. 300 $a351 p., [2] p. di tav. ;$c20 cm. 490 0 $aSources Chrétiennes ;$vN°240. Série des Textes Monastiques d'Occident ; N° 47. 490 0 $aSources Chrétiennes. Série des Textes monastiques d'Occident ;$vN°47. 500 $aContiene : Bibliographie. Index des mots. - Testo latino a fronte. - Dalla biblioteca del card. Giovani Colombo. 700 1 $aMartel, Gérard : de,$c.$0(OLS)http://semarc/name/16828 830 0$aSources chrétiennes ;$vN°240. Série des Textes Monastiques d'Occident ; N° 47.$0(OLS)http://semarc/title/72 830 0$aSources chrétiennes. Série des Textes monastiques d'Occident ;$vN°47.$0(OLS)http://semarc/title/12473 850 $aSeMil 852 $aSeMil$W1$xVenegono$y1$mSL1.T V 240$j53041$B53041$CSeMilBibl$Z2$F57601 $8I 961 $aLascito: Colombo Card. Giovanni 996 $6020$a2-204-01192-4$9(OLS)http://semarc/number/69968 996 $6245$aL'école du cloître$9(OLS)http://semarc/title/135959 996 $6260$aParis :$bLes Éditions du Cerf$9(OLS)http://semarc/publisher/29611